| 000 | 00477nam a22001817a 4500 | ||
|---|---|---|---|
| 005 | 20230821111604.0 | ||
| 008 | 230818b |||||||| |||| 00| 0 eng d | ||
| 020 | _a978-985465-891-4 | ||
| 041 | _aeng | ||
| 082 | _a615.2 KPU-I | ||
| 100 |
_aK, PUSHPALATHA AND BHAT, DEEPA _98116 |
||
| 245 | _aINDERBIR SINGH'S TEXTBOOK OF HUMAN HISTOLOGY | ||
| 250 | _a10TH, ED. 2023 | ||
| 260 |
_aNEW DELHI _bJAYPEE BROTHERS _c2023 |
||
| 300 | _a326;p | ||
| 650 |
_aBPT _98117 |
||
| 942 | _cBK | ||
| 999 |
_c8390 _d8388 |
||